000 02466nam a22002657a 4500
999 _c63694
_d63694
003 Ge_BSU
005 20251210164604.0
008 251210s2020 ge ||||| |||| 00| 0 geo d
020 _a9789941973604
041 _ageo
080 _a94(479.22): 328(479.22) ს-32
245 _aსაქართველოს დამფუძნებელი კრება :
_bსხდომათა დოკუმენტები და დამატებები. ტ. 8, 1921 წლის 1 იანვარი - 17 მარტი /
_c საქართველოს პარლამენტის ეროვნული ბიბლიოთეკა; იდეის ავტორი და შემდგენელი ირაკლი იაკობაშვილი; ტომის სამეცნიერო რედაქტორი მალხაზ მაცაბერიძე.
264 _aთბილისი :
_bსაქ. პარლამენტის ეროვნული ბიბკა,
_c2020.
300 _a628 გვ. ;
_b25 სმ.
490 _aსაქართველოს დემოკრატიული რესპუბლიკის დოკუმენტები
500 _aძღვნება საქართველოს დემოკრატიული რესპუბლიკის დამფუძნებელი კრების 100 წლისთავს.
501 _aპირთა საძიებელი: გვ. 617-623. ადგილთა საძიებელი: გვ. 624-628.
653 _aსაქართველოს დამფუძნებელი კრება.
653 _aსაქართველოს დემოკრატიული რესპუბლიკა.
700 _aიაკობაშვილი, ირაკლი
_eიდეის ავტორი, შემდგენელი
_926438
700 _aმაცაბერიძე, მალხაზ
_eსამეცნიერო რედაქტორი.
_926439
710 _aსაქართველოს პარლამენტის ეროვნული ბიბლიოთეკა.
_926440
856 _uhttps://dspace.nplg.gov.ge/bitstream/1234/327803/1/Saqartvelos_Damfudznebeli_Kreba_Sxdomis_Oqmebi_Tomi_VIII.pdf
_yელ. ვერსია
942 _2udc
_cᲬᲘᲒᲜᲘ